[Event "1 division 2002/03"]
[Site "Denmark"]
[Date "2002.11.16"]
[Round "3.6"]
[White "Pedersen, Karl"]
[Black "Pedersen, Hans Dahl"]
[Result "1/2-1/2"]
[WhiteElo "2305"]
[BlackElo "2211"]
[PlyCount "40"]
[EventDate "2002.11.03"]
[EventType "team-tourn"]
[EventRounds "7"]
[EventCountry "DEN"]
[WhiteTeam "Nordre"]
[BlackTeam "Sydkysten"]
[WhiteTeamCountry "DEN"]
[BlackTeamCountry "DEN"]

1. e4 c6 2. Nc3 d5 3. Nf3 Bg4 4. h3 Bxf3 5. Qxf3 Nf6 6. d3 e6 7. Be2 Bd6 8. O-O
Nbd7 9. Bf4 Qc7 10. Bxd6 Qxd6 11. Rfe1 d4 12. Nd1 O-O 13. Bf1 e5 14. Qe2 Rfe8
15. g3 Nf8 16. Bg2 Ng6 17. Rf1 Rac8 18. Rc1 c5 19. c4 Rc7 20. Rc2 Rce7 1/2-1/2

[Event "1 division 2002/03"]
[Site "Denmark"]
[Date "2002.11.16"]
[Round "3.7"]
[White "Pedersen, Henrik Dahl"]
[Black "Holst, Per"]
[Result "0-1"]
[WhiteElo "2242"]
[BlackElo "2155"]
[PlyCount "114"]
[EventDate "2002.11.03"]
[EventType "team-tourn"]
[EventRounds "7"]
[EventCountry "DEN"]
[WhiteTeam "Sydkysten"]
[BlackTeam "Nordre"]
[WhiteTeamCountry "DEN"]
[BlackTeamCountry "DEN"]

1. d4 e6 2. Nf3 c5 3. e3 Nf6 4. Be2 Nc6 5. O-O Be7 6. c4 cxd4 7. exd4 d5 8. Nc3
O-O 9. Bg5 b6 10. Ne5 Bb7 11. Bf3 Rc8 12. Rc1 h6 13. Be3 Ne4 14. Qa4 Nxc3 15.
bxc3 Nxe5 16. dxe5 Bc6 17. Qxa7 d4 18. Bxd4 Bxf3 19. gxf3 Bg5 20. Bxb6 Qd3 21.
Be3 Rxc4 22. Rfd1 Qf5 23. Rd4 Rfc8 24. Qb7 Bxe3 25. fxe3 Qg5+ 26. Kf2 Qxe5 27.
f4 Qh5 28. Rxc4 Rxc4 29. Qg2 Qc5 30. Rg1 g6 31. Qa8+ Kg7 32. Qf3 Rxc3 33. Re1
Qc4 34. Re2 Rc1 35. Qb7 Rc2 36. Qf3 Qxa2 37. Rxc2 Qxc2+ 38. Kg3 Qd3 39. Qf2 Qc3
40. Qe2 g5 41. Kf2 Kg6 42. h4 Qf6 43. hxg5 hxg5 44. Qg4 Qf5 45. Qg1 e5 46. Qc1
gxf4 47. Qc6+ Kg5 48. Qg2+ Kf6 49. e4 Qg6 50. Qh1 Qg3+ 51. Ke2 Kg7 52. Qh5 f3+
53. Kd3 Qf4 54. Qh3 f2 55. Qg2+ Kf6 56. Qf1 Kg5 57. Qg2+ Kh4 0-1

[Event "1 division 2002/03"]
[Site "Denmark"]
[Date "2002.11.16"]
[Round "3.1"]
[White "Aagaard, Jacob"]
[Black "Holst, Allan"]
[Result "1/2-1/2"]
[WhiteElo "2371"]
[BlackElo "2369"]
[PlyCount "62"]
[EventDate "2002.11.03"]
[EventType "team-tourn"]
[EventRounds "7"]
[EventCountry "DEN"]
[WhiteTeam "K41"]
[BlackTeam "SK 1968"]
[WhiteTeamCountry "DEN"]
[BlackTeamCountry "DEN"]

1. e4 c6 2. d4 d5 3. exd5 cxd5 4. c4 Nf6 5. Nc3 e6 6. Nf3 Be7 7. cxd5 Nxd5 8.
Bc4 Nc6 9. O-O O-O 10. Re1 a6 11. Bb3 Nxc3 12. bxc3 b5 13. Bc2 Ra7 14. Qe2 g6
15. h4 Re8 16. h5 Bf6 17. Nd2 b4 18. Ne4 bxc3 19. Be3 Nxd4 20. Bxd4 Bxd4 21.
Rad1 Qb6 22. Rb1 Qc7 23. Rb4 Bh8 24. Rd1 Rf8 25. Rc4 Qe7 26. hxg6 hxg6 27. Qg4
Rc7 28. Rxc7 Qxc7 29. Qh4 f6 30. Nd6 f5 31. Qg3 Bf6 1/2-1/2

[Event "1 division 2002/03"]
[Site "Denmark"]
[Date "2002.11.16"]
[Round "3.2"]
[White "Lindfeldt, Jan Magnus"]
[Black "Greger, Roland Reinhard"]
[Result "1/2-1/2"]
[WhiteElo "2246"]
[BlackElo "2359"]
[PlyCount "91"]
[EventDate "2002.11.03"]
[EventType "team-tourn"]
[EventRounds "7"]
[EventCountry "DEN"]
[WhiteTeam "SK 1968"]
[BlackTeam "K41"]
[WhiteTeamCountry "DEN"]
[BlackTeamCountry "DEN"]

1. e4 e6 2. d4 d5 3. Nc3 Nf6 4. Bg5 Bb4 5. exd5 Qxd5 6. Bxf6 gxf6 7. Nge2 Nc6
8. a3 Bxc3+ 9. Nxc3 Qxd4 10. Qxd4 Nxd4 11. O-O-O Nc6 12. Nb5 Ke7 13. Nxc7 Rb8
14. Nb5 a6 15. Nc3 Bd7 16. g3 Rhd8 17. Bg2 Ne5 18. Rhe1 Bc6 19. Bxc6 Rxd1+ 20.
Rxd1 Nxc6 21. Ne4 b6 22. f4 f5 23. Ng5 f6 24. Nf3 e5 25. fxe5 fxe5 26. Rd5 Ke6
27. c4 h6 28. b4 e4 29. Nd4+ Nxd4 30. Rxd4 h5 31. Kd2 Rg8 32. Ke3 h4 33. Kf2
hxg3+ 34. hxg3 e3+ 35. Kxe3 Rxg3+ 36. Kf4 Rc3 37. a4 Rc1 38. a5 bxa5 39. bxa5
Rc3 40. Kg5 Ra3 41. c5 Rxa5 42. Rd6+ Ke5 43. Rf6 Rxc5 44. Rxa6 f4 45. Kg4 Rc4
46. Ra8 1/2-1/2

[Event "1 division 2002/03"]
[Site "Denmark"]
[Date "2002.11.16"]
[Round "3.3"]
[White "Lund, Silas"]
[Black "Matthiesen, Martin"]
[Result "1-0"]
[WhiteElo "2329"]
[BlackElo "2285"]
[PlyCount "79"]
[EventDate "2002.11.03"]
[EventType "team-tourn"]
[EventRounds "7"]
[EventCountry "DEN"]
[WhiteTeam "K41"]
[BlackTeam "SK 1968"]
[WhiteTeamCountry "DEN"]
[BlackTeamCountry "DEN"]

1. d4 d5 2. c4 e6 3. Nf3 Nf6 4. g3 dxc4 5. Bg2 Nc6 6. Qa4 Bb4+ 7. Bd2 Bd6 8.
Qxc4 O-O 9. Nc3 e5 10. d5 Ne7 11. O-O h6 12. e4 a6 13. a4 Bd7 14. Rfe1 Ng6 15.
b4 Qe7 16. Rab1 b6 17. Qb3 Nh7 18. h4 Nf6 19. Nd1 Qe8 20. Nb2 Ng4 21. Rbc1 f6
22. Re2 Nh8 23. Ne1 h5 24. Bh3 Nf7 25. f3 Ngh6 26. Bxd7 Qxd7 27. Nc4 g5 28. Rh2
g4 29. Nxd6 cxd6 30. Bxh6 Nxh6 31. Qe3 Nf7 32. Rc6 b5 33. a5 f5 34. Rhc2 fxe4
35. Qxe4 Qa7+ 36. Kg2 gxf3+ 37. Nxf3 Kg7 38. Rc7 Qb8 39. Ng5 Ra7 40. Qh7+ 1-0

[Event "1 division 2002/03"]
[Site "Denmark"]
[Date "2002.11.16"]
[Round "3.4"]
[White "Bank, Pelle Rodkjaer"]
[Black "Hartung Nielsen, Jens"]
[Result "0-1"]
[WhiteElo "2279"]
[BlackElo "2224"]
[PlyCount "64"]
[EventDate "2002.11.03"]
[EventType "team-tourn"]
[EventRounds "7"]
[EventCountry "DEN"]
[WhiteTeam "SK 1968"]
[BlackTeam "K41"]
[WhiteTeamCountry "DEN"]
[BlackTeamCountry "DEN"]

1. e4 c5 2. Nf3 Nc6 3. Bb5 g6 4. O-O Bg7 5. Bxc6 bxc6 6. Re1 e5 7. b4 cxb4 8.
a3 bxa3 9. d4 exd4 10. e5 Ne7 11. Nbd2 O-O 12. Ne4 d5 13. Nf6+ Kh8 14. Bxa3 Ng8
15. Bxf8 Qxf8 16. Qxd4 Qe7 17. Nxg8 Kxg8 18. Ra5 Bf8 19. Rea1 a6 20. Qb6 c5 21.
h3 d4 22. Rb1 Ra7 23. Qb8 Rc7 24. Re1 Bb7 25. Nh2 Rc8 26. Qd6 Qg5 27. Ng4 Bxd6
28. exd6 Rd8 29. d7 Kg7 30. f4 Qd5 31. Re2 Rxd7 32. Ra3 Re7 0-1

[Event "1 division 2002/03"]
[Site "Denmark"]
[Date "2002.11.16"]
[Round "3.5"]
[White "Jorgensen, Brian"]
[Black "Matthiesen, Arne"]
[Result "1-0"]
[WhiteElo "2255"]
[BlackElo "2286"]
[PlyCount "73"]
[EventDate "2002.11.03"]
[EventType "team-tourn"]
[EventRounds "7"]
[EventCountry "DEN"]
[WhiteTeam "K41"]
[BlackTeam "SK 1968"]
[WhiteTeamCountry "DEN"]
[BlackTeamCountry "DEN"]

1. d4 d5 2. c4 c6 3. Nc3 Nf6 4. e3 e6 5. Nf3 Nbd7 6. Bd3 dxc4 7. Bxc4 b5 8. Bd3
a6 9. e4 c5 10. d5 Qc7 11. O-O c4 12. Bc2 Bb7 13. Re1 O-O-O 14. Qe2 Nc5 15. d6
Qxd6 16. e5 Qc6 17. exf6 gxf6 18. Bf4 e5 19. Bf5+ Kb8 20. Bg3 b4 21. Ne4 Nd3
22. Red1 Bh6 23. b3 c3 24. Qc2 Nb2 25. Re1 Nd3 26. Red1 Nb2 27. Re1 Nd3 28. Re2
Nf4 29. Bxf4 exf4 30. a3 a5 31. axb4 axb4 32. Ree1 Rd5 33. Bh3 Rg8 34. Nxc3 Rh5
35. Qxh7 Rg7 36. Qh8+ Kc7 37. Re7+ 1-0

[Event "1 division 2002/03"]
[Site "Denmark"]
[Date "2002.11.17"]
[Round "2.2"]
[White "Larsen, Steen Skovlund"]
[Black "Rasmussen, Karsten"]
[Result "0-1"]
[WhiteElo "2318"]
[BlackElo "2386"]
[PlyCount "80"]
[EventDate "2002.11.03"]
[EventType "team-tourn"]
[EventRounds "7"]
[EventCountry "DEN"]
[WhiteTeam "Sydkysten"]
[BlackTeam "Skolerne"]
[WhiteTeamCountry "DEN"]
[BlackTeamCountry "DEN"]

1. d4 Nf6 2. c4 e6 3. Nf3 c5 4. d5 exd5 5. cxd5 Bd6 6. Nc3 Bc7 7. Bg5 d6 8. e3
a6 9. a4 O-O 10. Nd2 Nbd7 11. Be2 Rb8 12. O-O Re8 13. Bh4 h6 14. h3 Nf8 15. Bd3
Ng6 16. Bg3 Ne5 17. Bc2 b5 18. e4 c4 19. axb5 axb5 20. b4 cxb3 21. Nxb3 Bd7 22.
Re1 b4 23. Ne2 Nh5 24. Bh2 Bb6 25. Nbd4 Qh4 26. Rf1 Nf6 27. Bxe5 dxe5 28. Nf3
Qh5 29. Ng3 Qg6 30. Kh2 Bb5 31. Bd3 Bxd3 32. Qxd3 Nd7 33. Nh4 Qg5 34. Nhf5 Bc5
35. d6 g6 36. Ne7+ Kg7 37. Nc6 Rb6 38. Qd5 Re6 39. Na5 Rexd6 40. Qa8 Rb8 0-1

[Event "1 division 2002/03"]
[Site "Denmark"]
[Date "2002.11.17"]
[Round "2.3"]
[White "Sorensen, Jan"]
[Black "Ejsing, Esben"]
[Result "1-0"]
[WhiteElo "2405"]
[BlackElo "2311"]
[PlyCount "63"]
[EventDate "2002.11.03"]
[EventType "team-tourn"]
[EventRounds "7"]
[EventCountry "DEN"]
[WhiteTeam "Skolerne"]
[BlackTeam "Sydkysten"]
[WhiteTeamCountry "DEN"]
[BlackTeamCountry "DEN"]

1. e4 c5 2. Nf3 d6 3. d4 cxd4 4. Nxd4 Nf6 5. Nc3 a6 6. f4 e5 7. Nf3 Nbd7 8. a4
Be7 9. Bc4 O-O 10. Qe2 b6 11. O-O Bb7 12. fxe5 dxe5 13. Bg5 h6 14. Bxf6 Nxf6
15. Rad1 Qc7 16. Nh4 b5 17. axb5 axb5 18. Nxb5 Qb6+ 19. Kh1 Nxe4 20. Nf5 Bg5
21. Bd5 Ra4 22. c4 Bxd5 23. Rxd5 g6 24. b3 gxf5 25. bxa4 Ra8 26. Rxe5 Rxa4 27.
Rexf5 Qe6 28. Nd4 Qe7 29. Qc2 Ra3 30. R5f3 Nd2 31. Rxa3 Nxf1 32. Ra8+ 1-0

[Event "1 division 2002/03"]
[Site "Denmark"]
[Date "2002.11.17"]
[Round "2.4"]
[White "Larsen, Peter"]
[Black "El Kher, Henrik"]
[Result "0-1"]
[WhiteElo "2277"]
[BlackElo "2390"]
[PlyCount "74"]
[EventDate "2002.11.03"]
[EventType "team-tourn"]
[EventRounds "7"]
[EventCountry "DEN"]
[WhiteTeam "Sydkysten"]
[BlackTeam "Skolerne"]
[WhiteTeamCountry "DEN"]
[BlackTeamCountry "DEN"]

1. e4 c5 2. Nf3 Nc6 3. d4 cxd4 4. Nxd4 Nf6 5. Nc3 e5 6. Ndb5 d6 7. Bg5 a6 8.
Na3 b5 9. Bxf6 gxf6 10. Nd5 Bg7 11. c4 f5 12. cxb5 Nd4 13. b6 O-O 14. exf5 Bxf5
15. Bc4 Be4 16. O-O Rc8 17. Nc3 Bb7 18. Bd5 Bxd5 19. Nxd5 Rc5 20. Nc3 Rc6 21.
Nd5 Rc5 22. Nc3 d5 23. Qd3 e4 24. Qxa6 Qh4 25. Ne2 Nf3+ 26. gxf3 exf3 27. Rfc1
Qg5+ 28. Ng3 Rxc1+ 29. Rxc1 Qxc1+ 30. Nf1 Qg5+ 31. Ng3 Qc1+ 32. Nf1 Bxb2 33.
Nb5 Re8 34. h3 Qg5+ 35. Ng3 Be5 36. Nc7 Bxg3 37. Nxe8 Bf4+ 0-1

[Event "1 division 2002/03"]
[Site "Denmark"]
[Date "2002.11.17"]
[Round "2.5"]
[White "Kjeldsen, Jens"]
[Black "Strange, Mikkel"]
[Result "1-0"]
[WhiteElo "2435"]
[BlackElo "2252"]
[PlyCount "83"]
[EventDate "2002.11.03"]
[EventType "team-tourn"]
[EventRounds "7"]
[EventCountry "DEN"]
[WhiteTeam "Skolerne"]
[BlackTeam "Sydkysten"]
[WhiteTeamCountry "DEN"]
[BlackTeamCountry "DEN"]

1. d4 d5 2. c4 e6 3. Nc3 c5 4. e3 Nf6 5. Nf3 Nc6 6. a3 a6 7. cxd5 exd5 8. Be2
Bd6 9. dxc5 Bxc5 10. b4 Ba7 11. O-O O-O 12. Bb2 Be6 13. Na4 Ne4 14. Rc1 Qd6 15.
Nd4 Ne5 16. f3 Bb8 17. fxe4 b5 18. g3 bxa4 19. Nxe6 Qxe6 20. exd5 Qh3 21. Bd4
Bd6 22. Qxa4 h5 23. Rf4 Ng4 24. Bxg4 hxg4 25. Rf2 Rac8 26. Rcf1 Rc4 27. Qxa6
Rxd4 28. Qxd6 Rd3 29. Qe7 Qh5 30. e4 f6 31. d6 Re8 32. Qc7 Rxe4 33. Qc8+ Re8
34. d7 Rf8 35. Rc2 Qg6 36. Re1 Qf7 37. Re8 Rd1+ 38. Kf2 Qd5 39. Rxf8+ Kh7 40.
Rh8+ Kg6 41. Qe8+ Kf5 42. Rc5 1-0

[Event "1 division 2002/03"]
[Site "Denmark"]
[Date "2002.11.17"]
[Round "2.6"]
[White "Pedersen, Hans Dahl"]
[Black "Boe, Mads"]
[Result "0-1"]
[WhiteElo "2211"]
[BlackElo "2372"]
[PlyCount "67"]
[EventDate "2002.11.03"]
[EventType "team-tourn"]
[EventRounds "7"]
[EventCountry "DEN"]
[WhiteTeam "Sydkysten"]
[BlackTeam "Skolerne"]
[WhiteTeamCountry "DEN"]
[BlackTeamCountry "DEN"]

1. c4 f5 2. g3 Nf6 3. Bg2 e6 4. Nf3 Be7 5. O-O O-O 6. d3 d6 7. Nc3 Nc6 8. e4 e5
9. h3 fxe4 10. dxe4 Be6 11. b3 Kh8 12. Be3 b6 13. Qe2 Qe8 14. Rad1 a5 15. Nd5
Bd8 16. Nxf6 Bxf6 17. a4 Qg6 18. Kh2 Bd7 19. Ne1 Bg5 20. Bxg5 Qxg5 21. Nc2 Nd8
22. h4 Qg6 23. Bh3 Bxh3 24. Kxh3 Ne6 25. f3 Rf6 26. Qe3 Raf8 27. Rf2 Qh5 28.
Rdf1 g5 29. Kg2 gxh4 30. Rh1 Rg8 31. g4 h3+ 32. Kf1 Qh4 33. Qe2 Rgf8 34. Qd3 {
Tid} 0-1

[Event "1 division 2002/03"]
[Site "Denmark"]
[Date "2002.11.17"]
[Round "2.7"]
[White "Vinter Schou, Uffe"]
[Black "Pedersen, Henrik Dahl"]
[Result "1-0"]
[WhiteElo "2351"]
[BlackElo "2242"]
[PlyCount "105"]
[EventDate "2002.11.03"]
[EventType "team-tourn"]
[EventRounds "7"]
[EventCountry "DEN"]
[WhiteTeam "Skolerne"]
[BlackTeam "Sydkysten"]
[WhiteTeamCountry "DEN"]
[BlackTeamCountry "DEN"]

1. e4 e6 2. d4 d5 3. Nc3 dxe4 4. Nxe4 Nf6 5. Nxf6+ Qxf6 6. Nf3 h6 7. Be3 Nd7 8.
Qd2 Bd6 9. O-O-O O-O 10. Be2 c5 11. g4 cxd4 12. Nxd4 Bc5 13. h4 e5 14. Nf5 Bxe3
15. Qxe3 Nb6 16. Rd6 Be6 17. Rhd1 Rac8 18. Qe4 Rc7 19. Bd3 Bxf5 20. Qxf5 Qxf5
21. Bxf5 g6 22. Be4 Kg7 23. h5 gxh5 24. Rg1 h4 25. Rh1 Nd7 26. Rxh4 Nf6 27. Bf5
Rc4 28. Rh3 Rf4 29. Rb3 Rxf2 30. Rxb7 h5 31. Rb4 Re8 32. Rd2 Rxd2 33. Kxd2 hxg4
34. Bxg4 Nxg4 35. Rxg4+ Kh6 36. c4 f5 37. Rg1 f4 38. c5 a5 39. c6 e4 40. c7 Kh5
41. Rg7 e3+ 42. Ke2 f3+ 43. Kxf3 e2 44. Rg1 Rc8 45. Kxe2 Rxc7 46. Kd3 Kh6 47.
Rg2 Kh5 48. Rg8 Kh6 49. b3 Kh5 50. a3 Rb7 51. Kc4 Rc7+ 52. Kb5 Rb7+ 53. Ka4 1-0

[Event "1 division 2002/03"]
[Site "Denmark"]
[Date "2002.11.17"]
[Round "2.2"]
[White "Pedersen, Steffen"]
[Black "Nielsen, Poul Erik"]
[Result "1/2-1/2"]
[WhiteElo "2443"]
[BlackElo "2219"]
[PlyCount "34"]
[EventDate "2002.11.03"]
[EventType "team-tourn"]
[EventRounds "7"]
[EventCountry "DEN"]
[WhiteTeam "Helsinge"]
[BlackTeam "Nordre"]
[WhiteTeamCountry "DEN"]
[BlackTeamCountry "DEN"]

1. d4 Nf6 2. c4 d6 3. Nc3 Bf5 4. Nf3 g6 5. d5 e5 6. dxe6 Bxe6 7. Nd4 Bd7 8. Bg5
Bg7 9. e3 h6 10. Bh4 O-O 11. Be2 Na6 12. O-O Nc5 13. Qc2 Re8 14. Rad1 g5 15.
Bg3 Nfe4 16. Nxe4 Nxe4 17. Bf3 Qe7 1/2-1/2

[Event "1 division 2002/03"]
[Site "Denmark"]
[Date "2002.11.17"]
[Round "2.3"]
[White "Hoiberg, Nina"]
[Black "Berg, Klaus"]
[Result "1/2-1/2"]
[WhiteElo "2248"]
[BlackElo "2427"]
[PlyCount "40"]
[EventDate "2002.11.03"]
[EventType "team-tourn"]
[EventRounds "7"]
[EventCountry "DEN"]
[WhiteTeam "Nordre"]
[BlackTeam "Helsinge"]
[WhiteTeamCountry "DEN"]
[BlackTeamCountry "DEN"]

1. e4 d5 2. exd5 Qxd5 3. Nc3 Qa5 4. d4 c6 5. Nf3 Bf5 6. Bc4 e6 7. Bd2 Nf6 8.
Nd5 Qd8 9. Nxf6+ gxf6 10. c3 Rg8 11. Qe2 Nd7 12. d5 cxd5 13. Bxd5 Nc5 14. Bc4
Bd3 15. Bb5+ Bxb5 16. Qxb5+ Qd7 17. Qxd7+ Kxd7 18. g3 Ne4 19. Be3 Kc7 20. Ke2
Bg7 1/2-1/2

[Event "1 division 2002/03"]
[Site "Denmark"]
[Date "2002.11.17"]
[Round "2.4"]
[White "Hutters, Tomas"]
[Black "Christensen, Jan"]
[Result "1/2-1/2"]
[WhiteElo "2392"]
[BlackElo "2214"]
[PlyCount "30"]
[EventDate "2002.11.03"]
[EventType "team-tourn"]
[EventRounds "7"]
[EventCountry "DEN"]
[WhiteTeam "Helsinge"]
[BlackTeam "Nordre"]
[WhiteTeamCountry "DEN"]
[BlackTeamCountry "DEN"]

1. d4 Nf6 2. Nf3 c5 3. d5 b5 4. Bg5 Ne4 5. Bh4 Bb7 6. e3 Qb6 7. c4 bxc4 8. Nc3
Qa5 9. Bxc4 g5 10. Bg3 Bg7 11. O-O Nxg3 12. hxg3 Bxc3 13. bxc3 Qxc3 14. Rc1 Qf6
15. Nd2 h5 1/2-1/2

[Event "1 division 2002/03"]
[Site "Denmark"]
[Date "2002.11.17"]
[Round "2.5"]
[White "Petersen, Tom Petri"]
[Black "Fries Nielsen, Niels Jorgen"]
[Result "1/2-1/2"]
[WhiteElo "2146"]
[BlackElo "2379"]
[PlyCount "34"]
[EventDate "2002.11.03"]
[EventType "team-tourn"]
[EventRounds "7"]
[EventCountry "DEN"]
[WhiteTeam "Nordre"]
[BlackTeam "Helsinge"]
[WhiteTeamCountry "DEN"]
[BlackTeamCountry "DEN"]

1. g3 Nf6 2. Bg2 d5 3. Nf3 c6 4. d3 g6 5. O-O Bg7 6. Nbd2 O-O 7. c3 Nbd7 8. Qc2
b6 9. b3 Bb7 10. Bb2 c5 11. e4 Qc7 12. Rfe1 e6 13. Rad1 Rfe8 14. Qc1 Rac8 15.
e5 Nh5 16. d4 cxd4 17. cxd4 Qxc1 1/2-1/2

[Event "1 division 2002/03"]
[Site "Denmark"]
[Date "2002.11.17"]
[Round "2.7"]
[White "Holst, Per"]
[Black "Bekker Jensen, David"]
[Result "0-1"]
[WhiteElo "2155"]
[BlackElo "2338"]
[PlyCount "82"]
[EventDate "2002.11.03"]
[EventType "team-tourn"]
[EventRounds "7"]
[EventCountry "DEN"]
[WhiteTeam "Nordre"]
[BlackTeam "Helsinge"]
[WhiteTeamCountry "DEN"]
[BlackTeamCountry "DEN"]

1. d4 d5 2. c4 c6 3. Nf3 Nf6 4. Qb3 a6 5. a4 e6 6. g3 c5 7. Bg2 Nc6 8. cxd5
Qxd5 9. Qxd5 Nxd5 10. dxc5 Bxc5 11. O-O Ke7 12. Nbd2 Rd8 13. Nc4 f6 14. e4 Ndb4
15. e5 Nc2 16. Rb1 Bd7 17. Ne3 N2b4 18. b3 Nd3 19. exf6+ gxf6 20. Bd2 Be8 21.
Bc3 Bg6 22. Nh4 Rac8 23. Nxg6+ hxg6 24. Rfd1 Rd7 25. Rd2 Nb8 26. Ba1 Bb4 27.
Rdd1 Rcd8 28. Be4 f5 29. Bxd3 Rxd3 30. Kf1 Nc6 31. Ke2 Rd2+ 32. Kf3 Na5 33.
Rxd2 Rxd2 34. Nc4 Rd3+ 35. Ke2 Rxb3 36. Rxb3 Nxb3 37. Be5 Na5 38. Nb6 Bc5 39.
Bc7 Nc6 40. f3 Nd4+ 41. Kd3 Nxf3 0-1

[Event "1 division 2002/03"]
[Site "Denmark"]
[Date "2002.11.17"]
[Round "2.6"]
[White "Bekker Jensen, Simon"]
[Black "Pedersen, Karl"]
[Result "1-0"]
[WhiteElo "2348"]
[BlackElo "2305"]
[PlyCount "87"]
[EventDate "2002.11.03"]
[EventType "team-tourn"]
[EventRounds "7"]
[EventCountry "DEN"]
[WhiteTeam "Helsinge"]
[BlackTeam "Nordre"]
[WhiteTeamCountry "DEN"]
[BlackTeamCountry "DEN"]

1. d4 Nf6 2. c4 g6 3. Nc3 Bg7 4. e4 d6 5. Be2 O-O 6. Bg5 c6 7. Qd2 Re8 8. Bd3
Nbd7 9. Nge2 e5 10. d5 Qe7 11. f3 Qf8 12. Bc2 Nb6 13. b3 cxd5 14. cxd5 Bd7 15.
Bd3 a6 16. O-O Nh5 17. Rac1 Rac8 18. Qe3 Na8 19. Qa7 Rc7 20. Na4 Bxa4 21. Rxc7
Nxc7 22. bxa4 Bh6 23. Bh4 Rb8 24. Rb1 Qc8 25. Qb6 Ne8 26. Bf2 Nhf6 27. Bxa6 Nd7
28. Bxb7 Qc4 29. Qb5 Qxa2 30. Ba7 Rd8 31. Bc6 Nef6 32. Qb2 Qc4 33. a5 Qa6 34.
Bb6 Rb8 35. Bb5 Qb7 36. Bf2 Nc5 37. Bxc5 dxc5 38. Qxe5 Be3+ 39. Kf1 Nd7 40. Qc3
Bg5 41. f4 Bd8 42. Bd3 Qa7 43. Rxb8 Nxb8 44. a6 1-0

[Event "1 division 2002/03"]
[Site "Denmark"]
[Date "2002.11.17"]
[Round "2.2"]
[White "Greger, Roland Reinhard"]
[Black "Pedersen, Jan"]
[Result "1/2-1/2"]
[WhiteElo "2359"]
[BlackElo "2407"]
[PlyCount "87"]
[EventDate "2002.11.03"]
[EventType "team-tourn"]
[EventRounds "7"]
[EventCountry "DEN"]
[WhiteTeam "K41"]
[BlackTeam "Aarhus"]
[WhiteTeamCountry "DEN"]
[BlackTeamCountry "DEN"]

1. e4 e6 2. d4 d5 3. e5 Bd7 4. Nf3 a6 5. Be3 Nh6 6. Nbd2 Nf5 7. Bd3 Be7 8. Qe2
O-O 9. O-O-O Nxe3 10. Qxe3 c5 11. dxc5 Qa5 12. Nb3 Qxa2 13. Kd2 Qa4 14. Nfd4
Bxc5 15. Ra1 Qb4+ 16. c3 Qb6 17. Nxc5 Qxc5 18. b4 Qc7 19. b5 Bc8 20. f4 Nd7 21.
g4 Nc5 22. g5 Bd7 23. bxa6 bxa6 24. h4 Rfc8 25. Bc2 Rab8 26. h5 Rb2 27. g6 fxg6
28. hxg6 h6 29. f5 Ba4 30. Rxa4 Nxa4 31. f6 Qxc3+ 32. Qxc3 Nxc3 33. f7+ Kf8 34.
Nxe6+ Ke7 35. Nd4 Ne4+ 36. Kc1 Rbxc2+ 37. Nxc2 Nf2 38. Rh5 Nd3+ 39. Kd2 Nf4 40.
Rf5 Nxg6 41. Nd4 h5 42. Rxh5 Kxf7 43. e6+ Ke7 44. Rxd5 1/2-1/2

[Event "1 division 2002/03"]
[Site "Denmark"]
[Date "2002.11.17"]
[Round "2.3"]
[White "Husted, Peter"]
[Black "Lund, Silas"]
[Result "0-1"]
[WhiteElo "2191"]
[BlackElo "2329"]
[PlyCount "156"]
[EventDate "2002.11.03"]
[EventType "team-tourn"]
[EventRounds "7"]
[EventCountry "DEN"]
[WhiteTeam "Aarhus"]
[BlackTeam "K41"]
[WhiteTeamCountry "DEN"]
[BlackTeamCountry "DEN"]

1. d4 d5 2. Nf3 e6 3. Bf4 Bd6 4. Bg3 Nf6 5. e3 Nbd7 6. c4 O-O 7. Nc3 Bxg3 8.
hxg3 c5 9. Bd3 dxc4 10. Bxc4 cxd4 11. exd4 Qa5 12. Qc2 e5 13. O-O-O exd4 14.
Rxd4 Nb6 15. Bd3 h6 16. Re1 Be6 17. Re5 Nbd5 18. Bc4 Rfd8 19. Qd2 Qc7 20. Bxd5
Bxd5 21. Rexd5 Nxd5 22. Rxd5 Rxd5 23. Qxd5 Rd8 24. Qf5 Rd6 25. Kb1 Qc4 26. a3
Qf1+ 27. Ka2 Qc4+ 28. Ka1 Qf1+ 29. Qb1 Qxg2 30. Nh4 Qc6 31. Nf5 Rd7 32. Qe1 Qe6
33. Qxe6 fxe6 34. Ne3 g5 35. g4 Rf7 36. Ncd1 Rd7 37. Kb1 Rd2 38. Kc1 Re2 39.
Nf1 Kf7 40. Ng3 Re5 41. Nc3 Rc5 42. Kd2 Ke7 43. Nge4 Rc8 44. Ke3 Rc6 45. Kd4
Rc8 46. a4 Rf8 47. Ke3 Rc8 48. Kd3 Rd8+ 49. Ke3 Rc8 50. b3 Rc6 51. Kd3 Rb6 52.
Nb5 e5 53. Nec3 Ke6 54. a5 Rc6 55. Ne4 a6 56. Nbc3 Rc7 57. Na4 Rd7+ 58. Kc3 Rf7
59. Kd3 Kd5 60. Nb6+ Kc6 61. Ke3 Rf8 62. Nc4 Kb5 63. Nxe5 Kxa5 64. Nd7 Rf4 65.
f3 Kb4 66. Ndc5 Rf7 67. Ke2 a5 68. Nd6 Re7+ 69. Nce4 b5 70. Kd3 a4 71. bxa4
bxa4 72. Kc2 Rc7+ 73. Kb1 Rc6 74. Nf5 a3 75. Nd4 Rc4 76. Nc2+ Ka4 77. Nd2 a2+
78. Kb2 Rxc2+ 0-1

[Event "1 division 2002/03"]
[Site "Denmark"]
[Date "2002.11.17"]
[Round "2.4"]
[White "Hartung Nielsen, Jens"]
[Black "Jensen, Jacob Bjerre"]
[Result "1/2-1/2"]
[WhiteElo "2224"]
[BlackElo "2169"]
[PlyCount "86"]
[EventDate "2002.11.03"]
[EventType "team-tourn"]
[EventRounds "7"]
[EventCountry "DEN"]
[WhiteTeam "K41"]
[BlackTeam "Aarhus"]
[WhiteTeamCountry "DEN"]
[BlackTeamCountry "DEN"]

1. d4 Nf6 2. Nf3 g6 3. c4 Bg7 4. Nc3 O-O 5. e4 d6 6. Be2 e5 7. Be3 Ng4 8. Bg5
f6 9. Bh4 Nc6 10. d5 Ne7 11. Nd2 h5 12. h3 Nh6 13. g4 hxg4 14. hxg4 Nf7 15. Qc2
c5 16. Nf1 Bd7 17. Ne3 Nc8 18. Bd3 Bh6 19. Qe2 Kg7 20. Kd2 a6 21. Rhb1 Rh8 22.
Rh1 Rb8 23. a4 Rh7 24. f3 Ne7 25. Qg2 Qb6 26. Bf2 Rbh8 27. Kc2 Qd8 28. b3 Qg8
29. Kb2 Bf4 30. Rxh7+ Qxh7 31. Rg1 Qh6 32. Nf1 Ng5 33. Ne2 Qh3 34. Nxf4 exf4
35. Nd2 Qxg2 36. Rxg2 Rh3 37. Be2 Nf7 38. Bg1 g5 39. Rh2 Rxh2 40. Bxh2 Ne5 41.
Bg1 a5 42. Kc2 N7g6 43. Kd1 Nf8 1/2-1/2

[Event "1 division 2002/03"]
[Site "Denmark"]
[Date "2002.11.17"]
[Round "2.5"]
[White "Pedersen, Jan Rode"]
[Black "Jorgensen, Brian"]
[Result "1-0"]
[WhiteElo "2160"]
[BlackElo "2255"]
[PlyCount "111"]
[EventDate "2002.11.03"]
[EventType "team-tourn"]
[EventRounds "7"]
[EventCountry "DEN"]
[WhiteTeam "Aarhus"]
[BlackTeam "K41"]
[WhiteTeamCountry "DEN"]
[BlackTeamCountry "DEN"]

1. e4 c5 2. Nf3 Nc6 3. Bb5 g6 4. c3 Bg7 5. d4 Qb6 6. Qe2 cxd4 7. cxd4 Nxd4 8.
Nxd4 Bxd4 9. O-O a6 10. Bc4 d6 11. Nc3 Nf6 12. h3 Bd7 13. Bh6 Rc8 14. Rfd1 Bxc3
15. bxc3 Qc5 16. Bd5 Ba4 17. Re1 Bb5 18. c4 Bxc4 19. Bxc4 Qxc4 20. Qb2 Qb5 21.
Qd2 Nd7 22. Rab1 Qc6 23. Rbc1 Nc5 24. e5 d5 25. e6 fxe6 26. Qb2 Rg8 27. Rxc5
Qxc5 28. Rc1 Qxc1+ 29. Bxc1 b5 30. Bg5 Rc6 31. a4 Kf7 32. Qb4 Rd6 33. axb5 axb5
34. Qxb5 Rgd8 35. Qb7 R8d7 36. Qb3 d4 37. Qf3+ Kg8 38. Bh6 Rd8 39. Qe4 d3 40.
Qe5 Kf7 41. Qg7+ Ke8 42. Bg5 Kd7 43. Qxe7+ Kc6 44. Bd2 R8d7 45. Qe8 Kb7 46. f3
Kc6 47. Kf2 Kb6 48. Qb8+ Ka6 49. Ke3 Rd5 50. Ke4 R7d6 51. Qa8+ Kb6 52. Be3+ Kb5
53. Qb7+ Kc4 54. Bd2 Kc5 55. Bb4+ Kc4 56. Bxd6 1-0